| 000 | 006220000a22001570004500 | ||
|---|---|---|---|
| 003 | MACL | ||
| 005 | 20160123120644.0 | ||
| 008 | 160123b xxu||||| |||| 00| 0 eng d | ||
| 040 |
_aMACL _cMACL |
||
| 041 | _aEnglish | ||
| 082 | _a300 | ||
| 245 | _a मध्यप्रदेश लोक सेवा आयोग राज्य सेवा पुख्य परीक्षा सॉल्वड पेपर्स सामाज शास्त्र | ||
| 260 |
_aइन्दौर _bपुणेकर पब्लिकेशन्स _c1992 |
||
| 350 | _a250 | ||
| 942 |
_cHIN _k300 _2ddc |
||
| 999 |
_c47376 _d47376 |
||